| 000 | 00646nam a2200217 u 4500 | ||
|---|---|---|---|
| 005 | 20240924070351.0 | ||
| 008 | 160524s2004 es r 000 0 spa d | ||
| 020 | _a8423670317 | ||
| 035 | _aUPN01000210519 | ||
| 049 | _aI | ||
| 050 | 4 |
_aPZ75 _bP5.3 |
|
| 100 | 1 |
_aPinto, Carlos _939003 |
|
| 245 | 1 | 3 |
_aEl general Anestesia y la ciudad dormida : _bme han operado / _cCarlos Pinto e il. |
| 260 |
_aBarcelona [Esp.] : _bedebé, _c2004. |
||
| 300 |
_a[24] p. : _bil. |
||
| 440 | 0 | _aEstoy enfermucho | |
| 650 | 0 |
_aHistorias de aventuras _94131 |
|
| 650 | 0 |
_aFantasĂa _911180 |
|
| 650 | 4 |
_aSALUD - _vLITERATURA INFANTIL _924646 |
|
| 905 | _aInfantil | ||
| 999 |
_c182620 _d182620 |
||